Karen Clachar (Record no. 698)

MARC details
000 -LEADER
campo de control de longitud fija 00568nam a22001697a 4500
008 - DATOS DE LONGITUD FIJA--INFORMACIÓN GENERAL
campo de control de longitud fija 150612b xxu||||| |||| 00| 0 eng d
082 ## - NÚMERO DE LA CLASIFICACIÓN DECIMAL DEWEY
Número de clasificación 708
Número de ítem C583k
100 ## - ENTRADA PRINCIPAL--NOMBRE DE PERSONA
Nombre de persona Clachar, Karen
9 (RLIN) 3134
245 ## - MENCIÓN DEL TÍTULO
Título Karen Clachar
Mención de responsabilidad, etc. Clachar, Karen; Astiasaran, Clara (curadora)
260 ## - PUBLICACIÓN, DISTRIBUCIÓN, ETC.
Lugar de publicación, distribución, etc. Costa Rica
Nombre del editor, distribuidor, etc. MasterLitho
300 ## - DESCRIPCIÓN FÍSICA
Extensión 52 p.
Otras características físicas ill. (col)
Dimensiones 20 cm.
600 ## - PUNTO DE ACCESO ADICIONAL DE MATERIA--NOMBRE DE PERSONA
Nombre de persona Clachar, Karen
Subdivisión general Exhibiciones
9 (RLIN) 3135
650 ## - PUNTO DE ACCESO ADICIONAL DE MATERIA--TÉRMINO DE MATERIA
Subdivisión general Exhibiciones
Subdivisión geográfica Costa Rica-Guanacaste
9 (RLIN) 3136
650 ## - PUNTO DE ACCESO ADICIONAL DE MATERIA--TÉRMINO DE MATERIA
Subdivisión general Intervenciones públicas
9 (RLIN) 3137
650 ## - PUNTO DE ACCESO ADICIONAL DE MATERIA--TÉRMINO DE MATERIA
Subdivisión general Arte moderno
9 (RLIN) 145
700 ## - ENTRADA AGREGADA--NOMBRE PERSONAL
Nombre de persona Astiasaran, Clara (curadora)
9 (RLIN) 3138
Holdings
Estatus retirado Estado de pérdida Fuente del sistema de clasificación o colocación Estado de daño No para préstamo Biblioteca de origen Biblioteca actual Ubicación en estantería Fecha de adquisición Total de préstamos Signatura topográfica completa Código de barras Visto por última vez Precio de reemplazo Tipo de ítem Koha
    Clasificación Decimal Dewey     Biblioteca LadoV Biblioteca LadoV   12/06/2015   708 C 583k 004052 12/06/2015 12/06/2015 Material 01